[Event "Niederoesterreich-ch Seniors op"]
[Site "Spitz in der Wachau"]
[Date "2020.10.17"]
[Round "7"]
[White "Hoennekes, Klaus"]
[Black "Zimmermann, Curt"]
[Result "1-0"]
[WhiteElo "1936"]
[BlackElo "1911"]
[PlyCount "171"]
[EventDate "2020.10.11"]
[EventType "swiss"]
[EventRounds "7"]
[EventCountry "AUT"]
[SourceTitle "CBM 198 Extra"]
[Source "ChessBase"]
[SourceDate "2020.11.30"]
[SourceVersion "1"]
[SourceVersionDate "2020.11.30"]
[SourceQuality "1"]

1. e4 c6 2. d4 d5 3. e5 Bf5 4. Ne2 e6 5. Ng3 Bg6 6. Bd3 c5 7. Bb5+ Nc6 8. 0-0 cxd4 9. Bxc6+ bxc6 10. Qxd4 Qd7 11. c3 c5 12. Qd1 Ne7 13. Nd2 Nc6 14. Nf3 Be7 15. Re1 0-0 16. Bg5 f6 17. exf6 gxf6 18. Bh6 Rfd8 19. Qa4 e5 20. Nh4 f5 21. Nhxf5 Bf6 22. Ne3 Rab8 23. Rad1 Ne7 24. Qxd7 Rxd7 25. Ng4 Kf7 26. Bc1 Nc6 27. Nxf6 Kxf6 28. h4 Ke6 29. h5 Bf7 30. f4 Rg8 31. Kf2 Rxg3 32. Kxg3 Bxh5 33. Rd2 e4 34. Kh4 Be8 35. g4 h5 36. f5+ Kf6 37. g5+ Kg7 38. Kg3 Ne5 39. Rc2 h4+ 40. Kh3 Nf3 41. Rf1 Rf7 42. f6+ Kg6 43. Rxf3 exf3 44. Kg4 Bc6 45. Be3 Rh7 46. Bxc5 h3 47. Rh2 Bb5 48. Kxf3 Bf1 49. Be3 Bg2+ 50. Rxg2 hxg2 51. Kxg2 a6 52. Bd2 Kf5 53. Bc1 Kg6 54. b3 Rc7 55. Bd2 Rc8 56. Kf3 Re8 57. Be3 Kf5 58. Ke2 Rh8 59. Kd3 Ke6 60. a4 Rh3 61. b4 Rh4 62. Bd4 Rh3+ 63. Kc2 Rg3 64. b5 axb5 65. axb5 Rxg5 66. b6 Kd6 67. Kd3 Rg3+ 68. Ke2 Rg8 69. Kf3 Ke6 70. Kf4 Rb8 71. Kg5 Rg8+ 72. Kf4 Rb8 73. Ke3 Rg8 74. Kd3 Rg3+ 75. Kc2 Rg8 76. Kb3 Kd7 77. Kb4 Kc6 78. Kb3 Rf8 79. Kc2 Rf7 80. Kd3 Kd6 81. Ke3 Ke6 82. Kf4 Rh7 83. Kg5 Rf7 84. Kg6 Rb7 85. Bc5 Rb8 86. f7 1-0

[Event "Niederoesterreich-ch Seniors op"]
[Site "Spitz in der Wachau"]
[Date "2020.10.13"]
[Round "3"]
[White "Hoebarth, Guenter"]
[Black "Hoennekes, Klaus"]
[Result "1/2-1/2"]
[WhiteElo "1902"]
[BlackElo "1936"]
[PlyCount "139"]
[EventDate "2020.10.11"]
[EventType "swiss"]
[EventRounds "7"]
[EventCountry "AUT"]
[SourceTitle "CBM 198 Extra"]
[Source "ChessBase"]
[SourceDate "2020.11.30"]
[SourceVersion "1"]
[SourceVersionDate "2020.11.30"]
[SourceQuality "1"]

1. e4 g6 2. g3 Bg7 3. Bg2 c5 4. c3 Nc6 5. Ne2 Qb6 6. Na3 d6 7. 0-0 Nf6 8. d3 0-0 9. Nc4 Qc7 10. Ne3 Ne5 11. Nf4 e6 12. Qe2 Rb8 13. Rd1 Rd8 14. d4 Ned7 15. d5 e5 16. Nh3 b5 17. f4 c4 18. Ng4 Nxg4 19. Qxg4 Nf6 20. Qh4 Bg4 21. Rd2 Bxh3 22. Qxh3 Qc5+ 23. Rf2 h5 24. Bf3 Re8 25. f5 b4 26. Kg2 Qc8 27. Bg5 Nh7 28. Be3 bxc3 29. bxc3 Rb7 30. g4 Bf6 31. gxh5 gxf5 32. Rg1 Kh8 33. Kh1 f4 34. Bg4 Qb8 35. Bc1 Rg8 36. Qf1 Qc7 37. Rfg2 Rbb8 38. Bf5 Rxg2 39. Qxg2 Qe7 40. Qg4 Rf8 41. Ba3 Rb8 42. h3 Rf8 43. Kh2 Rb8 44. Kh1 Rf8 45. h4 Rb8 46. Kh2 Rf8 47. Kh3 Rb8 48. Bb4 Rf8 49. Ba5 Rb8 50. h6 Rf8 51. Rg2 Rb8 52. Qe2 Bxh4 53. Bxh7 Kxh7 54. Qg4 Bf6 55. Qf5+ Kh8 56. h7 Bg7 57. Bb4 Rd8 58. Qh5 Qf6 59. Rg5 Qh6 60. Kg4 Qxh5+ 61. Rxh5 Rd7 62. Kf5 f3 63. Rh2 f2 64. Rxf2 Kxh7 65. Rh2+ Kg8 66. Ba3 Kf8 67. Rh7 Kg8 68. Rh2 Rd8 69. Bb4 Rd7 70. Ba5 1/2-1/2

[Event "Bad Wiessee Senioren Cup 8th"]
[Site "Bad Wiessee"]
[Date "2019.05.16"]
[Round "6"]
[White "Hoennekes, Klaus"]
[Black "Jergler, Karl Heinz"]
[Result "1/2-1/2"]
[WhiteElo "1939"]
[BlackElo "2118"]
[PlyCount "40"]
[EventDate "2019.05.11"]
[EventType "swiss"]
[EventRounds "9"]
[EventCountry "GER"]
[SourceTitle "EXT 2020"]
[Source "ChessBase"]
[SourceDate "2019.10.17"]
[SourceVersion "1"]
[SourceVersionDate "2019.10.17"]
[SourceQuality "1"]

1. e4 c5 2. Nc3 Nc6 3. Nge2 g6 4. d3 Bg7 5. Be3 d6 6. f4 e6 7. g4 f5 8. Ng3 Nge7 9. h4 Qa5 10. Bd2 Qb6 11. Rb1 Bd7 12. g5 Nd4 13. Bg2 Bc6 14. h5 0-0 15. Nce2 e5 16. Nxd4 cxd4 17. 0-0 Rae8 18. Bh3 Bd7 19. Kh2 Qc7 20. c3 Rf7 1/2-1/2

[Event "Bad Wiessee Senioren Cup 8th"]
[Site "Bad Wiessee"]
[Date "2019.05.15"]
[Round "5"]
[White "Hoennekes, Klaus"]
[Black "Walther, Reinhard"]
[Result "1/2-1/2"]
[WhiteElo "1939"]
[BlackElo "2042"]
[PlyCount "55"]
[EventDate "2019.05.11"]
[EventType "swiss"]
[EventRounds "9"]
[EventCountry "GER"]
[SourceTitle "EXT 2020"]
[Source "ChessBase"]
[SourceDate "2019.10.17"]
[SourceVersion "1"]
[SourceVersionDate "2019.10.17"]
[SourceQuality "1"]

1. e4 e5 2. Nf3 d5 3. Qe2 dxe4 4. Qxe4 Bd6 5. Bc4 Nf6 6. Qe2 0-0 7. d3 Bg4 8. h3 Bh5 9. Bg5 h6 10. Bxf6 Qxf6 11. g4 Bg6 12. Nbd2 e4 13. Nxe4 Bxe4 14. dxe4 Qxb2 15. 0-0 Nd7 16. Rab1 Qa3 17. Rxb7 Nb6 18. Bb3 Rae8 19. Kg2 Re7 20. Nd4 Rfe8 21. f3 Qc5 22. Nf5 Re5 23. Nxd6 Qxd6 24. Qd3 Qc5 25. Rf2 a5 26. a4 Qc6 27. Ra7 Rc5 28. Qd4 1/2-1/2

[Event "North Austria-ch Seniors 65"]
[Site "Spitz am Donau"]
[Date "2018.10.11"]
[Round "5.5"]
[White "Hoennekes, Klaus"]
[Black "Koller, Hubert"]
[Result "1/2-1/2"]
[WhiteElo "1939"]
[BlackElo "1999"]
[PlyCount "34"]
[EventDate "2018.10.07"]
[EventType "swiss"]
[EventRounds "7"]
[EventCountry "AUT"]
[SourceTitle "EXT 2024"]
[Source "ChessBase"]
[SourceDate "2023.10.10"]
[SourceVersion "1"]
[SourceVersionDate "2023.10.10"]
[SourceQuality "1"]

1. e4 e5 2. Nf3 Nc6 3. Be2 Nf6 4. Nc3 Bc5 5. 0-0 d6 6. d3 0-0 7. Bg5 h6 8. Bxf6 Qxf6 9. Nd5 Qd8 10. Qd2 Be6 11. Ne3 Nd4 12. c3 Nxf3+ 13. Bxf3 Qg5 14. b4 Bb6 15. Rad1 a5 16. b5 Rab8 17. Qe2 Bxe3 1/2-1/2

[Event "North Austria-ch Seniors 65"]
[Site "Spitz am Donau"]
[Date "2017.10.11"]
[Round "4"]
[White "Deleja Hotko, Karl"]
[Black "Hoennekes, Klaus"]
[Result "1/2-1/2"]
[WhiteElo "1758"]
[BlackElo "2005"]
[PlyCount "99"]
[EventDate "2017.10.08"]
[EventType "swiss"]
[EventRounds "7"]
[EventCountry "AUT"]
[SourceTitle "CBM 181 Extra"]
[Source "ChessBase"]
[SourceDate "2017.12.12"]
[SourceVersion "1"]
[SourceVersionDate "2017.12.12"]
[SourceQuality "1"]

1. e4 c5 2. c3 g6 3. Nf3 Bg7 4. d4 cxd4 5. Nxd4 Nc6 6. Be3 Nf6 7. Nxc6 bxc6 8. Bd3 0-0 9. Nd2 d6 10. 0-0 Ng4 11. Bg5 Qc7 12. Be2 Nf6 13. Qa4 Rb8 14. Rab1 Bd7 15. Be3 c5 16. Qc2 Ng4 17. Bf4 Ne5 18. Nf3 Nxf3+ 19. Bxf3 Bc6 20. Be2 Kh8 21. f3 Bd7 22. Qd2 Be6 23. b3 Qc6 24. Bh6 f6 25. Bxg7+ Kxg7 26. c4 Rb7 27. Qc3 Qb6 28. f4 Qb4 29. Rbc1 Qxc3 30. Rxc3 a5 31. Bd1 Bd7 32. f5 g5 33. g4 Rb4 34. Kf2 Rfb8 35. a4 h5 36. gxh5 Kh6 37. Rg3 Rg8 38. Rfg1 Be8 39. h4 Bf7 40. hxg5+ Rxg5 41. R1g2 Rb7 42. Bg4 Rc7 43. Ke3 Rb7 44. Kd2 Rc7 45. Re3 Rb7 46. Kc3 Rb6 47. Kc2 Rb4 48. Be2 Rb7 49. e5 dxe5 50. Rxe5 1/2-1/2

[Event "Bayern-ch Seniors 24nd"]
[Site "Bergen"]
[Date "2012.06.16"]
[Round "1"]
[White "Hoennekes, Klaus"]
[Black "Aufmwasser, Guenter"]
[Result "1-0"]
[WhiteElo "1913"]
[BlackElo "1466"]
[PlyCount "120"]
[EventDate "2012.06.16"]
[EventType "swiss"]
[EventRounds "9"]
[EventCountry "GER"]
[SourceTitle "EXT 2015"]
[Source "ChessBase"]
[SourceDate "2014.11.20"]
[SourceVersion "1"]
[SourceVersionDate "2014.11.20"]
[SourceQuality "1"]

1. e4 c5 2. Nc3 Nc6 3. g3 g6 4. d3 Bg7 5. Be3 d6 6. Qd2 a6 7. Bg2 Bd7 8. f4 Nf6 9. h3 Nd4 10. Nd1 Qc7 11. c3 Nc6 12. Ne2 Rb8 13. g4 e6 14. 0-0 0-0 15. Ng3 Ne7 16. Qf2 b6 17. f5 exf5 18. gxf5 gxf5 19. exf5 Bc6 20. Ne4 Nxe4 21. dxe4 f6 22. Bf4 Kh8 23. Ne3 Rg8 24. Rad1 Rbd8 25. Ng4 Nxf5 26. exf5 Bxg2 27. Kxg2 Bf8 28. Kh2 Qf7 29. Qh4 Bg7 30. a3 d5 31. Bh6 Qc7+ 32. Kh1 Qe7 33. Rde1 Qf7 34. Bxg7+ Qxg7 35. Qxf6 d4 36. cxd4 cxd4 37. Qxg7+ Rxg7 38. f6 Rf7 39. Ne5 Rff8 40. Nd3 Rd6 41. Re4 Rdxf6 42. Rxf6 Rxf6 43. Rxd4 a5 44. Kg2 Rc6 45. Kf3 Rh6 46. h4 b5 47. Kg4 Rg6+ 48. Kf5 Rg8 49. Rd5 Rb8 50. Kf6 Rb6+ 51. Ke7 h6 52. Rd6 Rb7+ 53. Rd7 Rb6 54. Kf7 b4 55. a4 b3 56. h5 Rb8 57. Rd6 Rb7+ 58. Kg6 Rg7+ 59. Kxh6 Rh7+ 60. Kg5 Rg7+ 1-0

[Event "Regionalliga SW 1112"]
[Site "Bayern"]
[Date "2012.03.18"]
[Round "8.8"]
[White "Hoennekes, Klaus"]
[Black "Schaumann, Eugen"]
[Result "1-0"]
[WhiteElo "1952"]
[BlackElo "1686"]
[PlyCount "49"]
[EventDate "2011.10.02"]
[EventType "team-tourn"]
[EventRounds "9"]
[EventCountry "GER"]
[SourceTitle "EXT 2015"]
[Source "ChessBase"]
[SourceDate "2014.11.20"]
[SourceVersion "1"]
[SourceVersionDate "2014.11.20"]
[SourceQuality "1"]
[WhiteTeam "Muenchen Suedost"]
[BlackTeam "Krumbach II"]
[WhiteTeamCountry "GER"]
[BlackTeamCountry "GER"]

1. e4 e5 2. f4 exf4 3. Nf3 d6 4. d4 g5 5. h4 g4 6. Ng1 h5 7. Bxf4 Bh6 8. Qd2 Qf6 9. Ne2 Nc6 10. c3 Bd7 11. g3 0-0-0 12. Bg2 Qg6 13. Rf1 f5 14. Bxh6 Nxh6 15. Qf4 Rde8 16. Nd2 Re7 17. 0-0-0 Rhe8 18. Qe3 Nf7 19. Rde1 fxe4 20. Nf4 Qh7 21. Nd5 Bf5 22. Nxe7+ Rxe7 23. Qf4 e3 24. Qxf5+ Qxf5 25. Rxf5 1-0

[Event "Bad Woerishofen Seniors op 28th"]
[Site "Bad Woerishofen"]
[Date "2012.03.07"]
[Round "6.8"]
[White "Hoennekes, Klaus"]
[Black "Maes, Valeer"]
[Result "1/2-1/2"]
[WhiteElo "1965"]
[BlackElo "2076"]
[PlyCount "45"]
[EventDate "2012.03.02"]
[EventType "swiss"]
[EventRounds "9"]
[EventCountry "GER"]
[SourceTitle "EXT 2022"]
[Source "ChessBase"]
[SourceDate "2021.10.06"]
[SourceVersion "1"]
[SourceVersionDate "2021.10.06"]
[SourceQuality "1"]

1. e4 e6 2. d4 d5 3. Nc3 Nc6 4. Nf3 Nf6 5. Bg5 Be7 6. e5 Ne4 7. Bd2 0-0 8. Bd3 Nxd2 9. Qxd2 Nb4 10. Be2 c5 11. dxc5 Bxc5 12. 0-0 Nc6 13. a3 Qc7 14. b4 Bb6 15. Na4 Nxe5 16. Nxe5 Qxe5 17. Nxb6 axb6 18. f4 Qc7 19. Bd3 f5 20. Rf3 Bd7 21. Rh3 Rf6 22. Bf1 Rc8 23. c3 1/2-1/2

[Event "Bad Woerishofen Seniors op 28th"]
[Site "Bad Woerishofen"]
[Date "2012.03.06"]
[Round "5.11"]
[White "Rueggeberg, Wilhelm"]
[Black "Hoennekes, Klaus"]
[Result "0-1"]
[WhiteElo "1702"]
[BlackElo "1965"]
[PlyCount "86"]
[EventDate "2012.03.02"]
[EventType "swiss"]
[EventRounds "9"]
[EventCountry "GER"]
[SourceTitle "EXT 2022"]
[Source "ChessBase"]
[SourceDate "2021.10.06"]
[SourceVersion "1"]
[SourceVersionDate "2021.10.06"]
[SourceQuality "1"]

1. d4 f5 2. c4 Nf6 3. Nc3 g6 4. g3 Bg7 5. Bg2 0-0 6. Nf3 d6 7. 0-0 Na6 8. Bf4 c5 9. d5 Nh5 10. Bd2 f4 11. Qc1 fxg3 12. hxg3 Nc7 13. Bh6 Rb8 14. a4 a6 15. Bxg7 Nxg7 16. e4 Bg4 17. Qe3 Qd7 18. Nh2 Bh3 19. Qg5 Bxg2 20. Kxg2 b5 21. axb5 axb5 22. cxb5 Nxb5 23. Ra2 Ne8 24. Qg4 Qxg4 25. Nxg4 h5 26. Ne3 Nf6 27. f3 Nd4 28. Rf2 Rb7 29. Nc4 Nd7 30. Ra6 Rb4 31. Ra7 Rd8 32. Na5 Ne5 33. Rxe7 Nd3 34. Rd2 Ne1+ 35. Kh1 Nexf3 36. Rf2 Ra8 37. Rxf3 Nxf3 38. Kg2 Ng5 39. Kf2 Rxb2+ 40. Ke3 Rxa5 41. Rd7 Nf7 42. e5 Nxe5 43. Rxd6 Nc4+ 0-1

[Event "Bad Woerishofen Seniors op 28th"]
[Site "Bad Woerishofen"]
[Date "2012.03.05"]
[Round "4.16"]
[White "Hoennekes, Klaus"]
[Black "Reinke, Kurt"]
[Result "1-0"]
[WhiteElo "1965"]
[BlackElo "1808"]
[PlyCount "101"]
[EventDate "2012.03.02"]
[EventType "swiss"]
[EventRounds "9"]
[EventCountry "GER"]
[SourceTitle "EXT 2022"]
[Source "ChessBase"]
[SourceDate "2021.10.06"]
[SourceVersion "1"]
[SourceVersionDate "2021.10.06"]
[SourceQuality "1"]

1. e4 c5 2. Nc3 Nc6 3. g3 g6 4. d3 Bg7 5. Be3 d6 6. Bg2 Nf6 7. h3 e6 8. Nge2 Bd7 9. 0-0 a6 10. d4 cxd4 11. Nxd4 0-0 12. Rb1 Rc8 13. Qd2 Ne5 14. b3 Qc7 15. Nce2 Nc6 16. c4 e5 17. Nc2 a5 18. Rfd1 Ne8 19. Nc3 Ne7 20. Na3 f5 21. Nab5 Qb8 22. f3 f4 23. gxf4 Bxb5 24. Nxb5 d5 25. exd5 Nf5 26. Ba7 Qa8 27. Bf2 Bh6 28. d6 Nf6 29. Nc7 Qb8 30. c5 Bxf4 31. Qd3 Rf7 32. Nd5 Nxd5 33. Qxd5 Ne3 34. Qe4 Nxd1 35. Rxd1 Rd8 36. Bf1 Rf5 37. Bc4+ Kg7 38. Kf1 Qc8 39. Ke2 Rh5 40. h4 Qd7 41. a4 Qh3 42. Qxb7+ Rd7 43. c6 Rxb7 44. cxb7 e4 45. fxe4 Qg4+ 46. Ke1 Bg3 47. b8Q Bxf2+ 48. Kxf2 Qxe4 49. Qg8+ Kf6 50. Qf8+ Ke5 51. Re1 1-0

[Event "Regionalliga SW 1112"]
[Site "Bayern"]
[Date "2012.02.26"]
[Round "7.7"]
[White "Hoennekes, Klaus"]
[Black "Schmidt, Walter1111"]
[Result "1-0"]
[WhiteElo "1952"]
[BlackElo "1881"]
[PlyCount "101"]
[EventDate "2011.10.02"]
[EventType "team-tourn"]
[EventRounds "9"]
[EventCountry "GER"]
[SourceTitle "EXT 2015"]
[Source "ChessBase"]
[SourceDate "2014.11.20"]
[SourceVersion "1"]
[SourceVersionDate "2014.11.20"]
[SourceQuality "1"]
[WhiteTeam "Muenchen Suedost"]
[BlackTeam "Haar"]
[WhiteTeamCountry "GER"]
[BlackTeamCountry "GER"]

1. e4 e5 2. Nf3 d6 3. d4 exd4 4. Nxd4 c5 5. Nf3 Nf6 6. Nc3 Nc6 7. Bb5 Bd7 8. 0-0 Be7 9. Bf4 Qc7 10. Re1 0-0 11. Nd5 Nxd5 12. exd5 Ne5 13. Bxd7 Nxf3+ 14. Qxf3 Qxd7 15. Qg3 Rad8 16. c4 Rfe8 17. h3 Bf8 18. b3 b5 19. Qd3 bxc4 20. bxc4 g6 21. Rab1 Bg7 22. Qg3 Rxe1+ 23. Rxe1 Bf8 24. Qb3 Qf5 25. Bg3 h5 26. h4 Qd7 27. f3 Bg7 28. Kh2 Bd4 29. Re4 Qc7 30. Qa4 Qd7 31. Qa6 Kg7 32. Re1 Bf6 33. Re4 Bd4 34. Bf4 Bf6 35. Bg3 Be7 36. Re3 Bf6 37. Rb3 Qe8 38. Rb7 Qe2 39. Qxa7 Rf8 40. Rb8 Qxc4 41. Rxf8 Kxf8 42. Qb8+ Kg7 43. Qxd6 Bxh4 44. Be5+ f6 45. Qe7+ Kh6 46. Qf8+ Kh7 47. Qf7+ Kh6 48. Bd6 Kg5 49. Qe6 f5 50. f4+ Kh6 51. Bf8+ 1-0

[Event "Regionalliga SW 1112"]
[Site "Bayern"]
[Date "2012.02.05"]
[Round "6.8"]
[White "Hoennekes, Klaus"]
[Black "Suess, Stefan1111"]
[Result "0-1"]
[WhiteElo "1952"]
[BlackElo "1832"]
[PlyCount "155"]
[EventDate "2011.10.02"]
[EventType "team-tourn"]
[EventRounds "9"]
[EventCountry "GER"]
[SourceTitle "EXT 2013"]
[Source "ChessBase"]
[SourceDate "2012.11.22"]
[SourceVersion "1"]
[SourceVersionDate "2012.11.22"]
[SourceQuality "1"]
[WhiteTeam "Muenchen Suedost"]
[BlackTeam "Schwabing SG Nord"]
[WhiteTeamCountry "GER"]
[BlackTeamCountry "GER"]

1. e4 d5 2. exd5 Nf6 3. c4 e6 4. dxe6 Bxe6 5. d4 Bb4+ 6. Bd2 Qe7 7. Bxb4 Qxb4+ 8. Qd2 Nc6 9. Qxb4 Nxb4 10. Na3 0-0-0 11. 0-0-0 Nxa2+ 12. Kb1 Nb4 13. f3 Bf5+ 14. Ka1 h5 15. Ne2 Rhe8 16. Nc3 Bc2 17. Nxc2 Nxc2+ 18. Kb1 Nxd4 19. Bd3 c6 20. h4 Re3 21. Rhf1 Kc7 22. Bc2 c5 23. Be4 Nxe4 24. fxe4 Kb8 25. Rxf7 Rg3 26. Rd2 Kc8 27. Rdf2 Nb3 28. Rf8 Nd2+ 29. Ka2 Nxc4 30. Rxd8+ Kxd8 31. Nd5 Ne5 32. Nf4 g6 33. Ne6+ Ke7 34. Nxc5 b6 35. Nb3 Rg4 36. Re2 Rxh4 37. Nd4 a6 38. Nf3 Nxf3 39. gxf3 Rf4 40. Rg2 Kf7 41. Rg3 h4 42. Rh3 Kf6 43. Kb1 Ke5 44. Kc2 Kd4 45. Kd2 g5 46. Ke2 Rf6 47. Kd2 a5 48. Ke2 Rc6 49. Kd2 b5 50. Rh1 Ke5 51. Ke3 Rc2 52. Rd1 Rxb2 53. Rd5+ Kf6 54. Rf5+ Kg6 55. f4 Rb3+ 56. Kf2 gxf4 57. Rxf4 Kg5 58. Rf8 h3 59. e5 Rb2+ 60. Kg1 h2+ 61. Kh1 Rb1+ 62. Kxh2 Re1 63. Rg8+ Kf5 64. Rf8+ Ke6 65. Ra8 a4 66. Kg3 Rxe5 67. Kf4 Rc5 68. Ke4 Kd6 69. Kd4 Rc4+ 70. Kd3 Kc5 71. Rh8 Kb4 72. Rh1 Rc3+ 73. Kd2 a3 74. Rb1+ Rb3 75. Rh1 a2 76. Kc2 Rb1 77. Rxb1+ axb1Q+ 78. Kxb1 0-1

[Event "Regionalliga SW 1112"]
[Site "Bayern"]
[Date "2011.12.11"]
[Round "4.6"]
[White "Hoennekes, Klaus"]
[Black "Zellweger, Wilfried"]
[Result "0-1"]
[WhiteElo "1952"]
[BlackElo "1915"]
[PlyCount "103"]
[EventDate "2011.10.02"]
[EventType "team-tourn"]
[EventRounds "9"]
[EventCountry "GER"]
[SourceTitle "EXT 2013"]
[Source "ChessBase"]
[SourceDate "2012.11.22"]
[SourceVersion "1"]
[SourceVersionDate "2012.11.22"]
[SourceQuality "1"]
[WhiteTeam "Muenchen Suedost"]
[BlackTeam "Tuerkheim/Bad Woerishofen"]
[WhiteTeamCountry "GER"]
[BlackTeamCountry "GER"]

1. e4 d5 2. exd5 Nf6 3. d4 Nxd5 4. Nf3 Bg4 5. Be2 e6 6. h3 Bh5 7. 0-0 Be7 8. Nc3 Nxc3 9. bxc3 0-0 10. Rb1 Qc8 11. Rb5 Bg6 12. Ne5 c6 13. Nxg6 hxg6 14. Rb3 Bd6 15. f4 Nd7 16. c4 Nf6 17. Bf3 Rb8 18. g4 c5 19. d5 exd5 20. Bxd5 Nxd5 21. Qxd5 Qc7 22. Kg2 b6 23. f5 gxf5 24. Qxf5 Rbe8 25. Re3 Rxe3 26. Bxe3 Re8 27. Rf3 Qe7 28. Bf2 Qb7 29. Qd3 Re6 30. Kf1 Qe7 31. Re3 Rxe3 32. Qxe3 Qf6 33. Qe8+ Kh7 34. Ke2 Qf4 35. Qa4 Qe4+ 36. Be3 Bf4 37. Qb3 Bxe3 38. Qxe3 Qxc2+ 39. Kf3 Qxc4 40. Qe7 Qd5+ 41. Kg3 a5 42. Qc7 Qe6 43. h4 f6 44. Qb7 c4 45. g5 fxg5 46. hxg5 Kg6 47. Kh4 c3 48. Qc7 Qe4+ 49. Kg3 Qe3+ 50. Kg4 Qd4+ 51. Kg3 Qc5 52. Qd7 0-1

[Event "Regionalliga SW 1011"]
[Site "Bayern"]
[Date "2011.04.10"]
[Round "9.8"]
[White "Mooser, Stefan"]
[Black "Hoennekes, Klaus"]
[Result "1-0"]
[WhiteElo "2173"]
[BlackElo "1947"]
[PlyCount "79"]
[EventDate "2010.10.10"]
[EventType "team-tourn"]
[EventRounds "9"]
[EventCountry "GER"]
[SourceTitle "EXT 2012"]
[Source "ChessBase"]
[SourceDate "2011.11.24"]
[SourceVersion "1"]
[SourceVersionDate "2011.11.24"]
[SourceQuality "1"]
[WhiteTeam "Unterhaching"]
[BlackTeam "Muenchen Suedost"]
[WhiteTeamCountry "GER"]
[BlackTeamCountry "GER"]

1. e4 e6 2. d4 d5 3. Nd2 c5 4. exd5 exd5 5. Ngf3 Nf6 6. Bb5+ Bd7 7. Bxd7+ Nbxd7 8. 0-0 Be7 9. dxc5 Nxc5 10. Nb3 Nxb3 11. axb3 0-0 12. Bg5 h6 13. Bh4 g5 14. Bg3 Qb6 15. Be5 Rfd8 16. Nd4 Bf8 17. c3 Nd7 18. Bg3 Nc5 19. f3 a6 20. b4 Ne6 21. Bf2 Qc7 22. Qd2 Bd6 23. g3 Rac8 24. Kg2 Be5 25. Rad1 Bxd4 26. Bxd4 f5 27. Rfe1 Qf7 28. Re5 Rc6 29. Qd3 Ng7 30. b5 Re6 31. bxa6 bxa6 32. Rde1 Rb8 33. b4 Rbe8 34. Rxe6 Rxe6 35. Ra1 g4 36. f4 Qb7 37. Kf2 Qb5 38. Qxb5 axb5 39. Ra5 Rd6 40. Ra8+ 1-0

[Event "Regionalliga SW 1011"]
[Site "Bayern"]
[Date "2011.03.20"]
[Round "8.7"]
[White "Wiendieck, Joerg"]
[Black "Hoennekes, Klaus"]
[Result "1/2-1/2"]
[WhiteElo "1836"]
[BlackElo "1947"]
[PlyCount "130"]
[EventDate "2010.10.10"]
[EventType "team-tourn"]
[EventRounds "9"]
[EventCountry "GER"]
[SourceTitle "EXT 2012"]
[Source "ChessBase"]
[SourceDate "2011.11.24"]
[SourceVersion "1"]
[SourceVersionDate "2011.11.24"]
[SourceQuality "1"]
[WhiteTeam "Krumbach II"]
[BlackTeam "Muenchen Suedost"]
[WhiteTeamCountry "GER"]
[BlackTeamCountry "GER"]

1. d4 f5 2. Nf3 Nf6 3. c4 g6 4. Nc3 d6 5. e3 Bg7 6. Be2 0-0 7. 0-0 c6 8. Qc2 Qe8 9. b4 e5 10. dxe5 dxe5 11. Bb2 e4 12. Nd4 Nbd7 13. c5 Ne5 14. Qb3+ Kh8 15. Bc4 Nxc4 16. Qxc4 Ng4 17. Nce2 Ne5 18. Qc2 Nd3 19. Bc3 Qe7 20. Nf4 Nxf4 21. exf4 g5 22. Ne2 h6 23. Rad1 Be6 24. Rd6 Rfe8 25. Rfd1 Kh7 26. fxg5 hxg5 27. Bxg7 Kxg7 28. Qc3+ Qf6 29. Nd4 Kg8 30. Qe3 Kf7 31. Nxe6 Rxe6 32. Rxe6 Qxe6 33. Qxg5 Rg8 34. Qf4 Re8 35. Rd6 Qe5 36. Rd7+ Ke6 37. Rd6+ Kf7 38. Qxe5 Rxe5 39. Rd7+ Ke6 40. Rxb7 Rd5 41. Kf1 Rd1+ 42. Ke2 Rb1 43. Ke3 Rb2 44. Rxa7 Rxb4 45. h4 Ke5 46. Re7+ Kf6 47. Rc7 Ke5 48. Re7+ Kf6 49. Re8 Ra4 50. Kf4 Rxa2 51. f3 exf3 52. gxf3 Ra4+ 53. Ke3 Rc4 54. f4 Rxc5 55. h5 Rc1 56. Rc8 Rc4 57. Rc7 Ke6 58. h6 Kd6 59. Rf7 Ke6 60. h7 Rc3+ 61. Kd4 Rh3 62. Rg7 Kd6 63. Rg6+ Kd7 64. Rg7+ Kd6 65. Rg6+ Kd7 1/2-1/2

[Event "Regionalliga SW 0910"]
[Site "Bayern"]
[Date "2010.01.24"]
[Round "5.7"]
[White "King, Alexander"]
[Black "Hoennekes, Klaus"]
[Result "1-0"]
[WhiteElo "1967"]
[BlackElo "1979"]
[PlyCount "91"]
[EventDate "2009.10.18"]
[EventType "team-tourn"]
[EventRounds "9"]
[EventCountry "GER"]
[SourceTitle "EXT 2011"]
[Source "ChessBase"]
[SourceDate "2010.11.26"]
[SourceVersion "1"]
[SourceVersionDate "2010.11.26"]
[SourceQuality "1"]
[WhiteTeam "Klosterlechfeld"]
[BlackTeam "Muenchen Suedost"]
[WhiteTeamCountry "GER"]
[BlackTeamCountry "GER"]

1. Nf3 g6 2. c4 f5 3. g3 Nf6 4. b3 Bg7 5. Bb2 d6 6. d4 0-0 7. Bg2 Ne4 8. Qc2 c5 9. d5 Qa5+ 10. Nbd2 Nxd2 11. Nxd2 Bxb2 12. Qxb2 Nd7 13. 0-0 f4 14. e3 g5 15. exf4 gxf4 16. Nf3 Nf6 17. Rae1 Qc7 18. Qe2 Rf7 19. Qd2 Nh5 20. Ng5 Rg7 21. Ne6 Bxe6 22. Rxe6 Rf7 23. Bh3 Ng7 24. Qd3 Rf6 25. Rxf6 exf6 26. Re1 fxg3 27. hxg3 Re8 28. Rxe8+ Nxe8 29. Qe4 Kf8 30. Bf5 h6 31. Bg6 Qe7 32. Qf4 Kg7 33. Bxe8 Qxe8 34. Qxd6 Qe1+ 35. Kg2 Qe4+ 36. Kh2 b6 37. Qd7+ Kf8 38. Qd8+ Kf7 39. Qc7+ Kg6 40. Qb8 h5 41. Qf4 Qd3 42. Qe3 Qd1 43. Qe4+ Kg5 44. Kg2 f5 45. Qe7+ Kg6 46. Qe6+ 1-0

[Event "Regionalliga SW 0809"]
[Site "Bayern"]
[Date "2009.03.15"]
[Round "8.6"]
[White "Hoennekes, Klaus"]
[Black "Winterkamp, Stefan"]
[Result "0-1"]
[WhiteElo "2006"]
[BlackElo "1978"]
[PlyCount "102"]
[EventDate "2008.10.05"]
[EventType "team-tourn"]
[EventRounds "9"]
[EventCountry "GER"]
[SourceTitle "EXT 2020"]
[Source "ChessBase"]
[SourceDate "2019.10.17"]
[SourceVersion "1"]
[SourceVersionDate "2019.10.17"]
[SourceQuality "1"]
[WhiteTeam "Muenchen Suedost"]
[BlackTeam "Klosterlechfeld"]
[WhiteTeamCountry "GER"]
[BlackTeamCountry "GER"]

1. e4 c6 2. d4 d5 3. exd5 cxd5 4. c4 Nf6 5. Nc3 e6 6. Nf3 Bb4 7. Bd2 Nc6 8. a3 Be7 9. b4 dxc4 10. Bxc4 Nxd4 11. Nxd4 Qxd4 12. Qe2 0-0 13. Rc1 Bd7 14. Be3 Qg4 15. f3 Qh4+ 16. Bf2 Qg5 17. 0-0 Bd6 18. Rcd1 Qe5 19. Rxd6 Qxd6 20. Bc5 Qf4 21. Bxf8 Qd4+ 22. Kh1 Qxc3 23. Be7 Re8 24. Bxf6 gxf6 25. Qd3 Qxd3 26. Bxd3 Rc8 27. Ra1 Rc3 28. Bf1 e5 29. h3 f5 30. Kh2 e4 31. Kg3 Bc6 32. b5 Bd5 33. Rd1 Be6 34. Kf4 exf3 35. gxf3 Rxa3 36. Ke5 Kg7 37. Bd3 Rb3 38. f4 Bd7 39. Rg1+ Kh6 40. Bc4 Rb4 41. Bd3 Bxb5 42. Bxf5 Be2 43. Re1 Bh5 44. Be4 a5 45. h4 a4 46. f5 b5 47. Ra1 f6+ 48. Kf4 Bf7 49. Rd1 a3 50. Rd7 Be8 51. Rd6 Kg7 0-1